<?xml version="1.0" encoding="UTF-8"?>
<record
    xmlns:xsi="http://www.w3.org/2001/XMLSchema-instance"
    xsi:schemaLocation="http://www.loc.gov/MARC21/slim http://www.loc.gov/standards/marcxml/schema/MARC21slim.xsd"
    xmlns="http://www.loc.gov/MARC21/slim">

  <leader>00920nam a22002657a 4500</leader>
  <controlfield tag="005">20170220102921.0</controlfield>
  <datafield tag="010" ind1=" " ind2=" ">
    <subfield code="a">1617EN ENG-116879</subfield>
  </datafield>
  <datafield tag="020" ind1=" " ind2=" ">
    <subfield code="a">9788126557509</subfield>
    <subfield code="c">789.00</subfield>
  </datafield>
  <datafield tag="035" ind1=" " ind2=" ">
    <subfield code="a">1617EN</subfield>
  </datafield>
  <datafield tag="035" ind1=" " ind2=" ">
    <subfield code="a">B-653739-750</subfield>
  </datafield>
  <datafield tag="035" ind1=" " ind2=" ">
    <subfield code="a">EN-100411</subfield>
  </datafield>
  <datafield tag="037" ind1=" " ind2=" ">
    <subfield code="b">ABC</subfield>
  </datafield>
  <datafield tag="037" ind1=" " ind2=" ">
    <subfield code="b">DBAD/PUB</subfield>
  </datafield>
  <datafield tag="082" ind1=" " ind2=" ">
    <subfield code="a">658.848</subfield>
  </datafield>
  <datafield tag="100" ind1=" " ind2=" ">
    <subfield code="a">Kotabe, Masaaki</subfield>
  </datafield>
  <datafield tag="245" ind1=" " ind2=" ">
    <subfield code="a">International Marketing:</subfield>
    <subfield code="c">by Masaaki  Kotabe &amp; Kristiaan Helsen</subfield>
    <subfield code="b">international student version /</subfield>
  </datafield>
  <datafield tag="250" ind1=" " ind2=" ">
    <subfield code="a">6th ed</subfield>
  </datafield>
  <datafield tag="260" ind1=" " ind2=" ">
    <subfield code="c">2015 (rp)</subfield>
    <subfield code="a">New Delhi</subfield>
    <subfield code="b">John Wiley </subfield>
  </datafield>
  <datafield tag="270" ind1=" " ind2=" ">
    <subfield code="a">4435-36/7, Ansari Road,Daryaganj</subfield>
    <subfield code="b">New Delhi</subfield>
    <subfield code="e">110002</subfield>
  </datafield>
  <datafield tag="300" ind1=" " ind2=" ">
    <subfield code="c">25cm(pbk)</subfield>
    <subfield code="a">xxiv,595p</subfield>
    <subfield code="b">ill.</subfield>
  </datafield>
  <datafield tag="500" ind1=" " ind2=" ">
    <subfield code="a">includes index</subfield>
  </datafield>
  <datafield tag="700" ind1=" " ind2=" ">
    <subfield code="a">Helsen, Kristiaan </subfield>
  </datafield>
  <datafield tag="942" ind1=" " ind2=" ">
    <subfield code="c">EN</subfield>
    <subfield code="2">ddc</subfield>
    <subfield code="h">658.848</subfield>
    <subfield code="m">KOT</subfield>
  </datafield>
  <datafield tag="999" ind1=" " ind2=" ">
    <subfield code="c">101845</subfield>
    <subfield code="d">101845</subfield>
  </datafield>
  <datafield tag="952" ind1=" " ind2=" ">
    <subfield code="0">0</subfield>
    <subfield code="1">0</subfield>
    <subfield code="4">0</subfield>
    <subfield code="7">0</subfield>
    <subfield code="8">NFIC</subfield>
    <subfield code="a">BN</subfield>
    <subfield code="b">BN</subfield>
    <subfield code="d">2016-12-21</subfield>
    <subfield code="e">DBAD/PUB</subfield>
    <subfield code="g">789.00</subfield>
    <subfield code="l">0</subfield>
    <subfield code="o">658.848 KOT</subfield>
    <subfield code="p">EN-100411</subfield>
    <subfield code="r">2016-12-21 00:00:00</subfield>
    <subfield code="t">1</subfield>
    <subfield code="v">789.00</subfield>
    <subfield code="y">EN</subfield>
  </datafield>
  <datafield tag="952" ind1=" " ind2=" ">
    <subfield code="0">0</subfield>
    <subfield code="1">0</subfield>
    <subfield code="4">0</subfield>
    <subfield code="7">0</subfield>
    <subfield code="8">NFIC</subfield>
    <subfield code="a">L</subfield>
    <subfield code="b">L</subfield>
    <subfield code="d">2017-02-20</subfield>
    <subfield code="e">BPPD/En/2016-17/286/24.11.2016/4986/28.11.2016/4.1.2017</subfield>
    <subfield code="g">789.00</subfield>
    <subfield code="l">18</subfield>
    <subfield code="m">6</subfield>
    <subfield code="o">658.848 KOT</subfield>
    <subfield code="p">B-653739</subfield>
    <subfield code="r">2023-03-13 00:00:00</subfield>
    <subfield code="s">2023-01-23</subfield>
    <subfield code="t">1</subfield>
    <subfield code="v">789.00</subfield>
    <subfield code="w">2017-02-20</subfield>
    <subfield code="y">EN</subfield>
  </datafield>
  <datafield tag="952" ind1=" " ind2=" ">
    <subfield code="0">0</subfield>
    <subfield code="1">0</subfield>
    <subfield code="4">0</subfield>
    <subfield code="7">0</subfield>
    <subfield code="8">NFIC</subfield>
    <subfield code="a">NPL</subfield>
    <subfield code="b">NPL</subfield>
    <subfield code="d">2017-02-20</subfield>
    <subfield code="e">BPPD/En/2016-17/286/24.11.2016/4986/28.11.2016/4.1.2017</subfield>
    <subfield code="g">789.00</subfield>
    <subfield code="l">0</subfield>
    <subfield code="o">658.848 KOT</subfield>
    <subfield code="p">B-653740</subfield>
    <subfield code="r">2017-02-20 00:00:00</subfield>
    <subfield code="t">1</subfield>
    <subfield code="v">789.00</subfield>
    <subfield code="y">EN</subfield>
  </datafield>
  <datafield tag="952" ind1=" " ind2=" ">
    <subfield code="0">0</subfield>
    <subfield code="1">0</subfield>
    <subfield code="4">0</subfield>
    <subfield code="7">0</subfield>
    <subfield code="8">NFIC</subfield>
    <subfield code="a">BL1</subfield>
    <subfield code="b">BL1</subfield>
    <subfield code="d">2017-02-20</subfield>
    <subfield code="e">BPPD/En/2016-17/286/24.11.2016/4986/28.11.2016/4.1.2017</subfield>
    <subfield code="g">789.00</subfield>
    <subfield code="l">5</subfield>
    <subfield code="m">1</subfield>
    <subfield code="o">658.848 KOT</subfield>
    <subfield code="p">B-653741</subfield>
    <subfield code="r">2021-02-22 00:00:00</subfield>
    <subfield code="s">2021-02-16</subfield>
    <subfield code="t">1</subfield>
    <subfield code="v">789.00</subfield>
    <subfield code="y">EN</subfield>
  </datafield>
  <datafield tag="952" ind1=" " ind2=" ">
    <subfield code="0">0</subfield>
    <subfield code="1">0</subfield>
    <subfield code="4">0</subfield>
    <subfield code="7">0</subfield>
    <subfield code="8">NFIC</subfield>
    <subfield code="a">KGM</subfield>
    <subfield code="b">KGM</subfield>
    <subfield code="d">2017-02-20</subfield>
    <subfield code="e">BPPD/En/2016-17/286/24.11.2016/4986/28.11.2016/4.1.2017</subfield>
    <subfield code="g">789.00</subfield>
    <subfield code="l">18</subfield>
    <subfield code="m">32</subfield>
    <subfield code="o">658.848 KOT</subfield>
    <subfield code="p">B-653742</subfield>
    <subfield code="r">2023-12-05 00:00:00</subfield>
    <subfield code="s">2023-11-09</subfield>
    <subfield code="t">1</subfield>
    <subfield code="v">789.00</subfield>
    <subfield code="y">EN</subfield>
  </datafield>
  <datafield tag="952" ind1=" " ind2=" ">
    <subfield code="0">0</subfield>
    <subfield code="1">0</subfield>
    <subfield code="4">0</subfield>
    <subfield code="7">0</subfield>
    <subfield code="8">NFIC</subfield>
    <subfield code="a">PR</subfield>
    <subfield code="b">PR</subfield>
    <subfield code="d">2017-02-20</subfield>
    <subfield code="e">BPPD/En/2016-17/286/24.11.2016/4986/28.11.2016/4.1.2017</subfield>
    <subfield code="g">789.00</subfield>
    <subfield code="l">0</subfield>
    <subfield code="o">658.848 KOT</subfield>
    <subfield code="p">B-653743</subfield>
    <subfield code="r">2017-02-20 00:00:00</subfield>
    <subfield code="t">1</subfield>
    <subfield code="v">789.00</subfield>
    <subfield code="y">EN</subfield>
  </datafield>
  <datafield tag="952" ind1=" " ind2=" ">
    <subfield code="0">0</subfield>
    <subfield code="1">0</subfield>
    <subfield code="4">0</subfield>
    <subfield code="7">0</subfield>
    <subfield code="8">NFIC</subfield>
    <subfield code="a">TN</subfield>
    <subfield code="b">TN</subfield>
    <subfield code="d">2017-02-20</subfield>
    <subfield code="e">BPPD/En/2016-17/286/24.11.2016/4986/28.11.2016/4.1.2017</subfield>
    <subfield code="g">789.00</subfield>
    <subfield code="l">1</subfield>
    <subfield code="o">658.848 KOT</subfield>
    <subfield code="p">B-653744</subfield>
    <subfield code="r">2022-09-05 00:00:00</subfield>
    <subfield code="s">2022-08-22</subfield>
    <subfield code="t">1</subfield>
    <subfield code="v">789.00</subfield>
    <subfield code="y">EN</subfield>
  </datafield>
  <datafield tag="952" ind1=" " ind2=" ">
    <subfield code="0">0</subfield>
    <subfield code="1">0</subfield>
    <subfield code="4">0</subfield>
    <subfield code="7">0</subfield>
    <subfield code="8">NFIC</subfield>
    <subfield code="a">JP</subfield>
    <subfield code="b">JP</subfield>
    <subfield code="d">2017-02-20</subfield>
    <subfield code="e">BPPD/En/2016-17/286/24.11.2016/4986/28.11.2016/4.1.2017</subfield>
    <subfield code="g">789.00</subfield>
    <subfield code="l">5</subfield>
    <subfield code="m">2</subfield>
    <subfield code="o">658.848 KOT</subfield>
    <subfield code="p">B-653745</subfield>
    <subfield code="r">2022-01-29 00:00:00</subfield>
    <subfield code="s">2022-01-14</subfield>
    <subfield code="t">1</subfield>
    <subfield code="v">789.00</subfield>
    <subfield code="y">EN</subfield>
  </datafield>
  <datafield tag="952" ind1=" " ind2=" ">
    <subfield code="0">0</subfield>
    <subfield code="1">0</subfield>
    <subfield code="4">0</subfield>
    <subfield code="7">0</subfield>
    <subfield code="8">NFIC</subfield>
    <subfield code="a">ZLS</subfield>
    <subfield code="b">ZLS</subfield>
    <subfield code="d">2017-02-20</subfield>
    <subfield code="e">BPPD/En/2016-17/286/24.11.2016/4986/28.11.2016/4.1.2017</subfield>
    <subfield code="g">789.00</subfield>
    <subfield code="l">2</subfield>
    <subfield code="o">658.848 KOT</subfield>
    <subfield code="p">B-653746</subfield>
    <subfield code="r">2022-02-26 00:00:00</subfield>
    <subfield code="s">2022-02-12</subfield>
    <subfield code="t">1</subfield>
    <subfield code="v">789.00</subfield>
    <subfield code="y">EN</subfield>
  </datafield>
  <datafield tag="952" ind1=" " ind2=" ">
    <subfield code="0">0</subfield>
    <subfield code="1">0</subfield>
    <subfield code="4">0</subfield>
    <subfield code="7">0</subfield>
    <subfield code="8">NFIC</subfield>
    <subfield code="a">BL3</subfield>
    <subfield code="b">BN</subfield>
    <subfield code="d">2017-02-20</subfield>
    <subfield code="e">BPPD/En/2016-17/286/24.11.2016/4986/28.11.2016/4.1.2017</subfield>
    <subfield code="g">789.00</subfield>
    <subfield code="l">1</subfield>
    <subfield code="m">0</subfield>
    <subfield code="o">658.848 KOT</subfield>
    <subfield code="p">B-653747</subfield>
    <subfield code="r">2019-12-03 00:00:00</subfield>
    <subfield code="s">2019-12-03</subfield>
    <subfield code="t">1</subfield>
    <subfield code="v">789.00</subfield>
    <subfield code="y">EN</subfield>
  </datafield>
  <datafield tag="952" ind1=" " ind2=" ">
    <subfield code="0">0</subfield>
    <subfield code="1">0</subfield>
    <subfield code="4">0</subfield>
    <subfield code="7">0</subfield>
    <subfield code="8">NFIC</subfield>
    <subfield code="a">NR</subfield>
    <subfield code="b">NR</subfield>
    <subfield code="d">2017-02-20</subfield>
    <subfield code="e">BPPD/En/2016-17/286/24.11.2016/4986/28.11.2016/4.1.2017</subfield>
    <subfield code="g">789.00</subfield>
    <subfield code="l">0</subfield>
    <subfield code="o">658.848 KOT</subfield>
    <subfield code="p">B-653748</subfield>
    <subfield code="r">2017-02-20 00:00:00</subfield>
    <subfield code="t">1</subfield>
    <subfield code="v">789.00</subfield>
    <subfield code="y">EN</subfield>
  </datafield>
  <datafield tag="952" ind1=" " ind2=" ">
    <subfield code="0">0</subfield>
    <subfield code="1">0</subfield>
    <subfield code="4">0</subfield>
    <subfield code="7">0</subfield>
    <subfield code="8">NFIC</subfield>
    <subfield code="a">BN</subfield>
    <subfield code="b">BN</subfield>
    <subfield code="d">2017-02-20</subfield>
    <subfield code="e">BPPD/En/2016-17/286/24.11.2016/4986/28.11.2016/4.1.2017</subfield>
    <subfield code="g">789.00</subfield>
    <subfield code="l">3</subfield>
    <subfield code="m">1</subfield>
    <subfield code="o">658.848 KOT</subfield>
    <subfield code="p">B-653749</subfield>
    <subfield code="r">2019-11-04 00:00:00</subfield>
    <subfield code="s">2019-10-10</subfield>
    <subfield code="t">1</subfield>
    <subfield code="v">789.00</subfield>
    <subfield code="y">EN</subfield>
  </datafield>
  <datafield tag="952" ind1=" " ind2=" ">
    <subfield code="0">0</subfield>
    <subfield code="1">0</subfield>
    <subfield code="4">0</subfield>
    <subfield code="7">0</subfield>
    <subfield code="8">NFIC</subfield>
    <subfield code="a">BL4</subfield>
    <subfield code="b">BL4</subfield>
    <subfield code="d">2017-02-20</subfield>
    <subfield code="e">BPPD/En/2016-17/286/24.11.2016/4986/28.11.2016/4.1.2017</subfield>
    <subfield code="g">789.00</subfield>
    <subfield code="l">4</subfield>
    <subfield code="m">1</subfield>
    <subfield code="o">658.848 KOT</subfield>
    <subfield code="p">B-653750</subfield>
    <subfield code="r">2023-06-07 00:00:00</subfield>
    <subfield code="s">2023-04-20</subfield>
    <subfield code="t">1</subfield>
    <subfield code="v">789.00</subfield>
    <subfield code="y">EN</subfield>
  </datafield>
</record>
